Zaisei, Kinʼyū. (Record no. 1669)
[ view plain ]
| 000 -LEADER | |
|---|---|
| fixed length control field | 00913cam a2200337u 4500 |
| 001 - CONTROL NUMBER | |
| control field | data |
| 005 - DATE AND TIME OF LATEST TRANSACTION | |
| control field | 20260322212112.0 |
| 008 - FIXED-LENGTH DATA ELEMENTS--GENERAL INFORMATION | |
| fixed length control field | data |
| 035 ## - SYSTEM CONTROL NUMBER | |
| System control number | 9472635 |
| 010 ## - LIBRARY OF CONGRESS CONTROL NUMBER | |
| LC control number | 73803270 |
| 035 ## - SYSTEM CONTROL NUMBER | |
| -- | (DLC) 73803270 |
| 040 ## - CATALOGING SOURCE | |
| Original cataloging agency | DLC |
| Transcribing agency | CarP |
| Modifying agency | DLC |
| 043 ## - GEOGRAPHIC AREA CODE | |
| Geographic area code | a-ja--- |
| 050 00 - LIBRARY OF CONGRESS CALL NUMBER | |
| Classification number | HG139 |
| Item number | .Z34 |
| 245 00 - TITLE STATEMENT | |
| Title | Zaisei, Kinʼyū. |
| 260 ## - PUBLICATION, DISTRIBUTION, ETC. | |
| Date of publication, distribution, etc. | 1972. |
| 300 ## - PHYSICAL DESCRIPTION | |
| Extent | 294 p. |
| Dimensions | 20 cm. |
| 336 ## - CONTENT TYPE | |
| Content type term | text |
| Content type code | txt |
| Source | rdacontent |
| 337 ## - MEDIA TYPE | |
| Media type term | unmediated |
| Media type code | n |
| Source | rdamedia |
| 338 ## - CARRIER TYPE | |
| Carrier type term | volume |
| Carrier type code | nc |
| Source | rdacarrier |
| 500 ## - GENERAL NOTE | |
| General note | Romanized. |
| 650 #0 - SUBJECT ADDED ENTRY--TOPICAL TERM | |
| Topical term or geographic name entry element | Finance. |
| 650 #0 - SUBJECT ADDED ENTRY--TOPICAL TERM | |
| Topical term or geographic name entry element | Finance, Public. |
| 650 #0 - SUBJECT ADDED ENTRY--TOPICAL TERM | |
| Topical term or geographic name entry element | Finance |
| Geographic subdivision | Japan. |
| 650 #0 - SUBJECT ADDED ENTRY--TOPICAL TERM | |
| Topical term or geographic name entry element | Finance, Public |
| Geographic subdivision | Japan. |
| 700 1# - ADDED ENTRY--PERSONAL NAME | |
| Personal name | Hayashi, Yoshio, |
| Dates associated with a name | 1916- |
| Relator term | ed. |
| 830 #0 - SERIES ADDED ENTRY--UNIFORM TITLE | |
| Uniform title | Gendai keizai, |
| Volume/sequential designation | 4. |
| 906 ## - LOCAL DATA ELEMENT F, LDF (RLIN) | |
| a | 0 |
| b | cbc |
| c | premunv |
| d | u |
| e | ncip |
| f | 19 |
| g | y-gencatlg |
| 991 ## - | |
| -- | c-GenColl |
| -- | HG139 |
| -- | .Z34 (Orien Japan) |
| -- | Copy 1 |
| -- | PREM |
| Withdrawn status | Lost status | Damaged status | Not for loan | Home library | Current library | Shelving location | Date acquired | Total checkouts | Full call number | Barcode | Date last seen | Price effective from | Koha item type |
|---|---|---|---|---|---|---|---|---|---|---|---|---|---|
| Springfield | Springfield | General stacks | 22/03/2026 | HG139 | LOC-SPL-00012 | 22/03/2026 | 22/03/2026 | Books |